[Event "26th EUR-ch"]
[Site "Katowice POL"]
[Date "2026.04.10"]
[Round "4.195"]
[White "Kondys, Piotr"]
[Black "Adamczyk, Zuzanna"]
[Result "1-0"]
[WhiteElo "2178"]
[BlackElo "1950"]
[EventDate "2026.04.07"]
[PlyCount "175"]

1.e4 c6 2.d4 d5 3.exd5 cxd5 4.Bd3 Nc6 5.c3 Nf6 6.Bf4 Bg4 7.Qb3 Qd7 8.Nd2 
e6 9.Ngf3 Bd6 10.Bxd6 Qxd6 11.O-O O-O 12.Rae1 Bxf3 13.Nxf3 Qc7 14.Qc2 g6 
15.Qe2 Kg7 16.g3 a6 17.Kg2 b5 18.a3 Na5 19.h4 h5 20.Ng5 Rfe8 21.Qc2 Qd7 
22.Re2 Rab8 23.Rfe1 Rb6 24.Qc1 Nc4 25.Nf3 Ng4 26.Bb1 a5 27.b3 Nd6 28.Ng5 
Nb7 29.Qd2 Nf6 30.Qd3 Nd8 31.Nh3 Re7 32.Nf4 Qe8 33.Re5 Kf8 34.f3 Nc6 35.
R5e2 Nd8 36.Qd2 Kg7 37.Nd3 Nd7 38.Qg5 Nf6 39.Nf4 Qh8 40.Bxg6 Qh6 41.Bb1+ 
Qxg5 42.hxg5 Ng8 43.Nxd5 exd5 44.Rxe7 Nxe7 45.Rxe7 b4 46.cxb4 axb4 47.Rd7 
Ne6 48.a4 Nxd4 49.Rxd5 Nxb3 50.Rb5 Re6 51.Be4 Rd6 52.Rxb4 Rd2+ 53.Kh3 Nd4 
54.f4 Ne2 55.Kh4 Rd1 56.Kxh5 Nxg3+ 57.Kg4 Nxe4 58.Rxe4 Rd3 59.Re8 Ra3 60.
Re4 Ra1 61.Kf5 Ra2 62.Rd4 Ra1 63.Ke5 Kg6 64.Rd6+ Kg7 65.Ra6 Re1+ 66.Kf5 
Rb1 67.g6 Rc1 68.gxf7 Kxf7 69.Ra7+ Kf8 70.a5 Rc5+ 71.Ke6 Rc6+ 72.Kd5 Rc1 
73.f5 Ke8 74.a6 Ra1 75.Ke6 Kf8 76.Ra8+ Kg7 77.f6+ Kg6 78.Rg8+ Kh7 79.Rg7+ 
Kh8 80.Ra7 Re1+ 81.Kf7 Ra1 82.Ke8 Rc1 83.Rd7 Rf1 84.f7 Rf6 85.a7 Re6+ 86.
Re7 Rf6 87.a8=Q Rxf7 88.Kxf7+ 1-0

[Event "26th EUR-ch"]
[Site "Katowice POL"]
[Date "2026.04.10"]
[Round "4.196"]
[White "Sliwicki, Damian"]
[Black "Ciborowski, Konrad jr"]
[Result "0-1"]
[WhiteElo "2176"]
[BlackElo "1948"]
[EventDate "2026.04.07"]
[PlyCount "86"]

1.e4 c5 2.Nf3 d6 3.d4 cxd4 4.Nxd4 Nf6 5.Nc3 a6 6.Nb3 e6 7.g4 Be7 8.g5 Nfd7
9.h4 Nc6 10.Be3 Qc7 11.a4 Nb4 12.a5 b5 13.axb6 Nxb6 14.Bd4 e5 15.Bxb6 Qxb6
16.Bb5+ Kf8 17.Bc4 Be6 18.Bxe6 fxe6 19.Qe2 g6 20.Nd1 Kg7 21.c3 Nc6 22.Nd2 
Rhf8 23.Qg4 Nd8 24.h5 Rf4 25.Qh3 Bxg5 26.hxg6 h6 27.Qd3 Ra7 28.Nc4 Qc6 29.
f3 d5 30.Nxe5 Qc7 31.Ng4 dxe4 32.Qd4+ e5 33.Nxe5 Bf6 34.Rh5 Nc6 35.Qe3 
Nxe5 36.Nf2 Nxf3+ 37.Kf1 Ng5 38.Ra4 Rf3 39.Qe2 e3 40.Rxg5 Rxf2+ 41.Qxf2 
exf2 42.Rf5 Kxg6 43.Rxf2 Bg5 0-1

[Event "26th EUR-ch"]
[Site "Katowice POL"]
[Date "2026.04.10"]
[Round "4.197"]
[White "Senel, Hayri Beyhun"]
[Black "Czyz, Andrzej"]
[Result "1-0"]
[WhiteElo "2172"]
[BlackElo "1936"]
[EventDate "2026.04.07"]
[PlyCount "83"]

1.d4 e6 2.c4 Nf6 3.Nc3 d5 4.cxd5 exd5 5.Bg5 Be7 6.e3 O-O 7.Bd3 c6 8.Nf3 
Ne4 9.Bf4 Nxc3 10.bxc3 Nd7 11.O-O Nf6 12.Qc2 h6 13.h3 Bd6 14.Ne5 Bxe5 15.
Bxe5 Re8 16.c4 dxc4 17.Bxc4 Be6 18.Rab1 b5 19.Bxe6 Rxe6 20.Bxf6 Rxf6 21.
Rfd1 a6 22.Qc5 Rg6 23.Rbc1 Qd7 24.Kf1 Rd8 25.Rd2 Qe6 26.Qc2 Rd5 27.e4 Rdg5
28.f4 Rf6 29.Rf2 Rg3 30.f5 Qd7 31.e5 Qxd4 32.exf6 Qxf6 33.Qxc6 Qd4 34.f6 
Qd3+ 35.Kg1 Rg6 36.Qe8+ Kh7 37.fxg7 Rxg7 38.Qc8 Rg5 39.Rxf7+ Kg6 40.Qe6+ 
Kh5 41.Rf2 Qxh3 42.Qxh3+ 1-0

[Event "26th EUR-ch"]
[Site "Katowice POL"]
[Date "2026.04.10"]
[Round "4.198"]
[White "Amiridou, Dimitra"]
[Black "Krzywda, Andrzej"]
[Result "0-1"]
[WhiteElo "1965"]
[BlackElo "2172"]
[EventDate "2026.04.07"]
[PlyCount "66"]

1.e4 c5 2.Nf3 e6 3.d4 cxd4 4.Nxd4 Nc6 5.Nc3 a6 6.Nxc6 bxc6 7.Bd3 d5 8.O-O 
Nf6 9.Re1 Be7 10.e5 Nd7 11.Qg4 Kf8 12.Bd2 h5 13.Qf3 Kg8 14.Na4 Bb7 15.c4 
dxc4 16.Bxc4 Qc7 17.Qh3 Rd8 18.Bxe6 Nf8 19.Bxf7+ Kxf7 20.Bf4 Ke8 21.Qg3 
Rd4 22.Nc3 g5 23.Be3 Rg4 24.Qf3 Ng6 25.Qd1 Nh4 26.g3 c5 27.Kf1 Bg2+ 28.Kg1
Qc6 29.h3 Bh1 30.Nd5 Bxd5 31.hxg4 Nf3+ 32.Kf1 Bc4+ 33.Re2 hxg4 0-1

[Event "26th EUR-ch"]
[Site "Katowice POL"]
[Date "2026.04.10"]
[Round "4.199"]
[White "Levytskyi, Liubomyr"]
[Black "Sertbay, Huseyin"]
[Result "1-0"]
[WhiteElo "1959"]
[BlackElo "2171"]
[EventDate "2026.04.07"]
[PlyCount "113"]

1.e4 e5 2.Nf3 Nc6 3.Bc4 Nf6 4.d3 Be7 5.O-O O-O 6.Nc3 d6 7.a4 Bg4 8.h3 Bxf3
9.Qxf3 Nd4 10.Qd1 c6 11.Be3 Ne6 12.Qf3 Nd7 13.Ne2 Bg5 14.Qg4 Bxe3 15.fxe3 
Nf6 16.Qg3 Nh5 17.Qf3 Qg5 18.Kh2 Rae8 19.g4 Nf6 20.Qg3 Qg6 21.Rf5 h6 22.
Rg1 Nc5 23.h4 Nfxe4 24.dxe4 Nxe4 25.Qg2 d5 26.Bd3 Nd6 27.Rxe5 Qf6 28.Rxe8 
Qxh4+ 29.Qh3 Qxh3+ 30.Kxh3 Rxe8 31.Rg3 c5 32.c3 Ne4 33.Bxe4 Rxe4 34.b3 g5 
35.Kg2 Kg7 36.Kf3 Kg6 37.Rh3 Re6 38.Ng3 Rb6 39.Nf5 Kh7 40.Ke2 Rxb3 41.
Rxh6+ Kg8 42.Kd3 Ra3 43.Rd6 Rxa4 44.Rxd5 b6 45.Rd7 Ra1 46.Ke4 f6 47.Rg7+ 
Kf8 48.Kd5 Ra4 49.Ke6 b5 50.Rf7+ Kg8 51.Nh6+ Kh8 52.Kxf6 b4 53.cxb4 cxb4 
54.Rb7 Ra6+ 55.Kxg5 Rb6 56.Rxb6 axb6 57.Nf7+ 1-0

[Event "26th EUR-ch"]
[Site "Katowice POL"]
[Date "2026.04.10"]
[Round "4.200"]
[White "Destic, Elena"]
[Black "Gradalski, Olaf"]
[Result "0-1"]
[WhiteElo "1954"]
[BlackElo "2167"]
[EventDate "2026.04.07"]
[PlyCount "44"]

1.e4 d6 2.d4 g6 3.Nc3 Bg7 4.Be3 a6 5.Qd2 b5 6.Bd3 Bb7 7.h4 Nf6 8.f3 h5 9.
e5 b4 10.exf6 bxc3 11.Qxc3 Bxf6 12.Qb3 Qc8 13.O-O-O Nd7 14.c3 Rb8 15.Qc2 
c5 16.dxc5 Nxc5 17.Be2 Qe6 18.Bxc5 dxc5 19.Qa4+ Bc6 20.Qxa6 O-O 21.Bc4 
Qe3+ 22.Kc2 Rxb2+ 0-1

[Event "26th EUR-ch"]
[Site "Katowice POL"]
[Date "2026.04.10"]
[Round "4.201"]
[White "Namyslak, Piotr"]
[Black "Pavlidou, Ekaterini"]
[Result "1-0"]
[WhiteElo "1953"]
[BlackElo "2166"]
[EventDate "2026.04.07"]
[PlyCount "145"]

1.Nf3 e6 2.c4 Nf6 3.Nc3 Bb4 4.d4 O-O 5.e3 b6 6.Bd3 Bb7 7.O-O Bxc3 8.bxc3 
Ne4 9.Qc2 f5 10.Nd2 Nxd2 11.Bxd2 d6 12.f3 Nd7 13.e4 f4 14.e5 Qh4 15.Qa4 
Rf7 16.exd6 cxd6 17.Rae1 e5 18.c5 bxc5 19.Qb3 Nb6 20.dxc5 dxc5 21.Rxe5 c4 
22.Bxc4 Nxc4 23.Qxc4 Rc8 24.Qb3 Qf6 25.Rfe1 Rf8 26.Re7 Qb6+ 27.Qxb6 axb6 
28.Bxf4 Bd5 29.Rxf7 Kxf7 30.Rb1 Ra8 31.Rxb6 Rxa2 32.Rd6 Be6 33.Rc6 h5 34.
h4 g6 35.Bg5 Bf5 36.Rf6+ Ke8 37.Rd6 Rc2 38.Bf6 Kf7 39.Kh2 Be6 40.Bd4 Ke7 
41.Ra6 Bf5 42.Kg3 Bd3 43.Ra1 Ke6 44.Rd1 Bf5 45.Rg1 Bd3 46.Kf4 Ra2 47.Rd1 
Bc4 48.g4 hxg4 49.fxg4 Rg2 50.Rg1 Ra2 51.Rg3 Ra5 52.Re3+ Kf7 53.Re5 Ra1 
54.Kg5 Ra2 55.Rc5 Bd3 56.Rc7+ Ke6 57.Rc6+ Kf7 58.Rf6+ Kg8 59.Rxg6+ Bxg6 
60.Kxg6 Ra6+ 61.Bf6 Ra4 62.Kf5 Ra1 63.h5 Kf7 64.Be5 Rf1+ 65.Kg5 Re1 66.Bd4
Re6 67.Kf5 Re1 68.h6 Rh1 69.Kg5 Rh3 70.c4 Kg8 71.Kg6 Rh4 72.Bf6 Rxg4+ 73.
Bg5 1-0

[Event "26th EUR-ch"]
[Site "Katowice POL"]
[Date "2026.04.10"]
[Round "4.202"]
[White "Shpanko, Nadiia"]
[Black "Konopka, Jeremie"]
[Result "1-0"]
[WhiteElo "2166"]
[BlackElo "1930"]
[EventDate "2026.04.07"]
[PlyCount "71"]

1.d4 Nf6 2.c4 g6 3.Nc3 Bg7 4.e4 d6 5.h3 O-O 6.Be3 Nc6 7.Nge2 e5 8.d5 Ne7 
9.g4 h5 10.f3 b6 11.Rg1 hxg4 12.hxg4 Ne8 13.Qd2 f6 14.Ng3 Kf7 15.Rh1 Rh8 
16.Rxh8 Bxh8 17.Qh2 Bg7 18.Be2 a6 19.O-O-O Ng8 20.Qh7 Qe7 21.Rh1 Qf8 22.f4
exf4 23.Bxf4 Ne7 24.Nf5 Nxf5 25.exf5 g5 26.Bd2 Ke7 27.Bf3 Bd7 28.Ne2 Kd8 
29.Nd4 b5 30.Ne6+ Bxe6 31.dxe6 c6 32.Bxc6 Rc8 33.Ba5+ Ke7 34.Bxe8 Rxc4+ 
35.Kb1 Kxe8 36.Qg6+ 1-0

[Event "26th EUR-ch"]
[Site "Katowice POL"]
[Date "2026.04.10"]
[Round "4.203"]
[White "Hnatyshyn, Anastasiia"]
[Black "Galazka, Aleksander"]
[Result "1-0"]
[WhiteElo "2164"]
[BlackElo "1913"]
[EventDate "2026.04.07"]
[PlyCount "79"]

1.e4 e5 2.Nf3 Nc6 3.d4 exd4 4.Nxd4 Bc5 5.Nb3 Bb6 6.Qe2 Qe7 7.Nc3 d6 8.Nd5 
Qd8 9.Bd2 Nge7 10.Bc3 O-O 11.Nxb6 axb6 12.a3 Be6 13.O-O-O Ng6 14.Qe3 f5 
15.exf5 Bxf5 16.h4 Nge5 17.Qg3 Qf6 18.f4 Qh6 19.Nd2 Ng4 20.Bc4+ Kh8 21.
Rde1 Rae8 22.Nf3 Nf6 23.Rxe8 Rxe8 24.Ng5 Bg6 25.Re1 d5 26.Rxe8+ Bxe8 27.
Bd3 d4 28.Bd2 Qh5 29.f5 Bd7 30.b4 h6 31.b5 hxg5 32.bxc6 Bxc6 33.hxg5 Nd5 
34.Qe1 Ne3 35.Bxe3 dxe3 36.Qxe3 Bxg2 37.Qe7 Bc6 38.Qf8+ Kh7 39.f6+ Qg6 40.
Qxg7# 1-0

[Event "26th EUR-ch"]
[Site "Katowice POL"]
[Date "2026.04.10"]
[Round "4.204"]
[White "Chmiel, Pawel"]
[Black "Bittner, Titus"]
[Result "1/2-1/2"]
[WhiteElo "1949"]
[BlackElo "2162"]
[EventDate "2026.04.07"]
[PlyCount "111"]

1.e4 c5 2.Nf3 Nf6 3.Nc3 d5 4.exd5 Nxd5 5.Nxd5 Qxd5 6.d4 Nc6 7.c4 Qe4+ 8.
Be3 Nb4 9.Rc1 Bf5 10.Qa4+ Bd7 11.Qb3 cxd4 12.Nxd4 e5 13.Nf3 a5 14.a3 a4 
15.Qd1 Nc6 16.Qd5 Bf5 17.Ng5 Qxd5 18.cxd5 Nd8 19.Bb5+ Bd7 20.Bxd7+ Kxd7 
21.Bb6 f6 22.Bxd8 fxg5 23.Bxg5 Ra5 24.Rc4 Rb5 25.Bc1 Rxd5 26.Rxa4 Bc5 27.
Ke2 Rd4 28.Rxd4+ Bxd4 29.Be3 Bxb2 30.Rb1 Bxa3 31.Rxb7+ Ke6 32.Rxg7 Be7 33.
Kf3 Kf6 34.Rg4 Kf5 35.Ra4 h5 36.g3 Rb8 37.h3 Rg8 38.Ra7 e4+ 39.Ke2 Bf6 40.
Ra5+ Kg6 41.Bf4 Rc8 42.Ke3 Rc4 43.Ra6 Kf7 44.h4 Rb4 45.Bd6 Rc4 46.Bb8 Bd4+
47.Kxe4 Bxf2+ 48.Kf3 Be1 49.Rh6 Rc3+ 50.Kg2 Rc5 51.Bf4 Bc3 52.Be3 Bg7 53.
Ra6 Rf5 54.Bg5 Rb5 55.Be3 Rf5 56.Rd6 1/2-1/2

[Event "26th EUR-ch"]
[Site "Katowice POL"]
[Date "2026.04.10"]
[Round "4.205"]
[White "Wacior, Maciej"]
[Black "Ciupek, Oskar"]
[Result "1-0"]
[WhiteElo "2160"]
[BlackElo "1682"]
[EventDate "2026.04.07"]
[PlyCount "109"]

1.d4 d5 2.Bf4 c5 3.e3 cxd4 4.exd4 Nc6 5.c3 f6 6.Bd3 e5 7.Qh5+ g6 8.Bxg6+ 
hxg6 9.Qxh8 exf4 10.Qxg8 Bf5 11.Ne2 f3 12.gxf3 Qd7 13.Qh8 O-O-O 14.Qxf6 
Re8 15.Kd1 Na5 16.b3 Qb5 17.Nc1 Bh6 18.Na3 Qd7 19.Re1 Rxe1+ 20.Kxe1 Bg7 
21.Qh4 Qe6+ 22.Kd1 Qa6 23.Qe7 Qf1+ 24.Qe1 Qg2 25.Qe8+ Kc7 26.Qe7+ Kc8 27.
Ke2 Bh6 28.Nb5 Bd7 29.Nxa7+ Kc7 30.Nb5+ Kc8 31.Nd6+ Kc7 32.Nd3 Nc6 33.Nb5+
Kc8 34.Qd6 Nxd4+ 35.Nxd4 Qg5 36.Rd1 Qd8 37.Ne5 Bf8 38.Qxd7+ Qxd7 39.Nxd7 
Kxd7 40.Rg1 Bd6 41.Rxg6 Bxh2 42.Rg7+ Kc8 43.Ke3 b6 44.f4 b5 45.Rg2 Bxf4+ 
46.Kxf4 b4 47.Rg7 bxc3 48.Ke5 c2 49.Nxc2 d4 50.Nxd4 Kd8 51.Ke6 Kc8 52.Kd6 
Kb8 53.Kc6 Ka8 54.Kb6 Kb8 55.Rg8# 1-0

[Event "26th EUR-ch"]
[Site "Katowice POL"]
[Date "2026.04.10"]
[Round "4.206"]
[White "Olbrycht, Hubert"]
[Black "Karut, Kacper"]
[Result "1-0"]
[WhiteElo "1940"]
[BlackElo "2159"]
[EventDate "2026.04.07"]
[PlyCount "137"]

1.e4 c5 2.Nf3 Nc6 3.d4 cxd4 4.Nxd4 Nf6 5.Nc3 d6 6.Bb5 Bd7 7.Bg5 e6 8.Qd3 
Be7 9.O-O-O a6 10.Bxc6 Bxc6 11.Rhe1 Qc7 12.f4 O-O-O 13.Nxc6 Qxc6 14.f5 h6 
15.Bh4 Kb8 16.Qh3 Qc4 17.Bf2 Nd7 18.Rd4 Qc8 19.fxe6 Ne5 20.Kb1 Qxe6 21.Qg3
Nc6 22.Rd3 Bf6 23.Nd5 Qe5 24.Nxf6 gxf6 25.Qe3 Qg5 26.Qb6 Qb5 27.Qxb5 axb5 
28.Rd5 b4 29.Bh4 Rhg8 30.Bxf6 Rde8 31.Re2 Re6 32.Bh4 Rg4 33.Bg3 Rgxe4 34.
Rxd6 Kc8 35.Rxe6 Rxe6 36.Rxe6 fxe6 37.Kc1 Kd7 38.Kd2 e5 39.Kd3 Ke6 40.Ke4 
h5 41.h3 Kf6 42.Bh4+ Ke6 43.g4 hxg4 44.hxg4 Nb8 45.Be1 Nd7 46.Bxb4 Nf6+ 
47.Kf3 e4+ 48.Kg3 Nd5 49.Bd2 b5 50.a3 Ke5 51.Bc3+ Ke6 52.Bd4 Ne7 53.b3 Kd5
54.Bb2 Ng6 55.g5 Ne7 56.Kf4 Ng6+ 57.Ke3 Nh4 58.Kf2 Ng6 59.Kg3 Ne7 60.Bf6 
Ng6 61.Kg4 Ke6 62.c4 bxc4 63.bxc4 Kf7 64.a4 Nf8 65.Kf4 Ne6+ 66.Kxe4 Nc5+ 
67.Kd5 Nxa4 68.c5 Ke8 69.Kc6 1-0

[Event "26th EUR-ch"]
[Site "Katowice POL"]
[Date "2026.04.10"]
[Round "4.207"]
[White "Kovalskyi, Roman"]
[Black "Wolynski, Antoni"]
[Result "1-0"]
[WhiteElo "2159"]
[BlackElo "1669"]
[EventDate "2026.04.07"]
[PlyCount "125"]

1.e4 c5 2.Nf3 e6 3.c3 d5 4.e5 d4 5.Bd3 Ne7 6.O-O Nbc6 7.Re1 Nd5 8.Na3 Be7 
9.Be4 O-O 10.Nc2 Nf4 11.d3 Ng6 12.Bxc6 bxc6 13.cxd4 cxd4 14.Ncxd4 Qd5 15.
Be3 Rb8 16.Nb3 a5 17.Qc2 Ba6 18.d4 Rfc8 19.Rec1 Rb4 20.Qd2 Rcb8 21.h3 a4 
22.Nc5 Rxb2 23.Qa5 Be2 24.Ne1 Nh4 25.Qc7 Bxc5 26.Rxc5 Qe4 27.Qxc6 Qxc6 28.
Rxc6 h6 29.Bc1 R2b4 30.Rc2 Bd1 31.Rd2 Bh5 32.g4 Bg6 33.Ba3 Rb1 34.Rd1 Rxa1
35.Rxa1 Rb1 36.Rxb1 Bxb1 37.f4 Bxa2 38.Kf2 Bd5 39.Kg3 Ng6 40.Nd3 Nf8 41.
Nc5 Bc6 42.f5 g6 43.Kf4 gxf5 44.gxf5 exf5 45.Kxf5 Nd7 46.Nd3 Nb6 47.Nf4 
Nc4 48.Bc5 Ne3+ 49.Kf6 Nd5+ 50.Nxd5 Bxd5 51.h4 Be6 52.Ke7 Kh7 53.Kd6 Kg6 
54.d5 Bg4 55.Ke7 Kf5 56.e6 fxe6 57.d6 Kg6 58.d7 Kh5 59.Bf2 a3 60.d8=Q Bf5 
61.Qa5 a2 62.Qxa2 Bg6 63.Qe2# 1-0

[Event "26th EUR-ch"]
[Site "Katowice POL"]
[Date "2026.04.10"]
[Round "4.208"]
[White "Rybackova, Lucie"]
[Black "Krawczyk, Marcin"]
[Result "1-0"]
[WhiteElo "2157"]
[BlackElo "1663"]
[EventDate "2026.04.07"]
[PlyCount "57"]

1.e4 e5 2.Nf3 Nc6 3.Bb5 a6 4.Ba4 Nf6 5.O-O b5 6.Bb3 Bc5 7.c3 d6 8.a4 Rb8 
9.d4 Bb6 10.a5 Ba7 11.Be3 O-O 12.h3 h6 13.Re1 Re8 14.Nbd2 Bd7 15.d5 Bxe3 
16.dxc6 Bxf2+ 17.Kxf2 Bxc6 18.Kg1 Nh5 19.Nd4 exd4 20.Qxh5 Qd7 21.cxd4 Re7 
22.Rf1 Rf8 23.Rf4 Kh8 24.Raf1 f6 25.Rxf6 Rxf6 26.Rxf6 Re8 27.Rf7 Qd8 28.
Qg6 Rg8 29.Be6 1-0

[Event "26th EUR-ch"]
[Site "Katowice POL"]
[Date "2026.04.10"]
[Round "4.210"]
[White "Zelak, Wladyslaw"]
[Black "Zareba, Piotr"]
[Result "0-1"]
[WhiteElo "1866"]
[BlackElo "2143"]
[EventDate "2026.04.07"]
[PlyCount "72"]

1.e4 c5 2.Nf3 d6 3.d3 Nc6 4.g3 g6 5.Bg2 Bg7 6.O-O Nf6 7.c3 c4 8.dxc4 Nxe4 
9.Nd4 Nxd4 10.cxd4 d5 11.Nc3 Nxc3 12.bxc3 dxc4 13.Qa4+ Bd7 14.Qxc4 Rc8 15.
Qb3 Bc6 16.d5 Bd7 17.Bb2 b5 18.Rac1 O-O 19.Rfe1 Re8 20.Ba3 a5 21.Bf1 Rb8 
22.Bc5 e6 23.Red1 Qc7 24.Qa3 Rbc8 25.Bd6 Qb6 26.Bf4 exd5 27.Rxd5 Bc6 28.
Rdd1 Ba8 29.Bg2 Bxg2 30.Kxg2 Re2 31.Be3 Qxe3 32.Rf1 Rxc3 33.Rxc3 Qxc3 34.
Qd6 Qd4 35.Qb8+ Bf8 36.Qxb5 Rxa2 0-1

[Event "26th EUR-ch"]
[Site "Katowice POL"]
[Date "2026.04.10"]
[Round "4.211"]
[White "Krzeszewski, Filip"]
[Black "Martirosyan, David"]
[Result "0-1"]
[WhiteElo "1759"]
[BlackElo "2281"]
[EventDate "2026.04.07"]
[PlyCount "52"]

1.e4 e6 2.d4 d5 3.Nc3 Nc6 4.Be3 dxe4 5.Nxe4 Nf6 6.Bd3 Be7 7.Nxf6+ Bxf6 8.
Nf3 O-O 9.c3 b6 10.Qc2 h6 11.O-O-O Bb7 12.Ne5 Ne7 13.Kb1 Nd5 14.Bd2 c5 15.
c4 cxd4 16.Nxf7 Rxf7 17.cxd5 Rc7 18.Bh7+ Kh8 19.Qg6 Bxd5 20.Rhg1 Qe8 21.
Qd3 Rac8 22.Be4 Bxe4 23.Qxe4 Qb5 24.Bf4 Rc2 25.b3 d3 26.Bc1 Qa5 0-1

[Event "26th EUR-ch"]
[Site "Katowice POL"]
[Date "2026.04.10"]
[Round "4.212"]
[White "Pousada Garcia, Victor Daniel"]
[Black "Jarocka, Liwia"]
[Result "0-1"]
[WhiteElo "1984"]
[BlackElo "2272"]
[EventDate "2026.04.07"]
[PlyCount "122"]

1.e4 c5 2.Nf3 Nc6 3.c3 Nf6 4.Bd3 e5 5.O-O Be7 6.Re1 O-O 7.Bc2 d5 8.d3 d4 
9.cxd4 cxd4 10.Nbd2 h6 11.h3 Qc7 12.Nf1 Bd7 13.Ng3 Rfc8 14.a3 Be6 15.Bb3 
Bxb3 16.Qxb3 Nd7 17.Qd1 Bf8 18.Bd2 Nc5 19.Qc2 b5 20.Rac1 Qb6 21.b4 Nd7 22.
Qb3 Ne7 23.Nf5 Nxf5 24.exf5 Qd6 25.f6 g6 26.Rcd1 a6 27.Re2 Qxf6 28.Rde1 
Bd6 29.Bxh6 Rc3 30.Qd5 Ra7 31.Bg5 Qe6 32.Qe4 Qf5 33.Qh4 Rxd3 34.Be7 Bxe7 
35.Qxe7 Qf6 36.Qe8+ Kg7 37.Re4 Qe6 38.Qd8 Qb6 39.Qxb6 Nxb6 40.Nxe5 Rxa3 
41.Rxd4 Re7 42.Rde4 Ra4 43.Nd3 Rxe4 44.Rxe4 Nd5 45.Rd4 Ne7 46.Nc5 Ra1+ 47.
Kh2 Nc6 48.Re4 Ra2 49.f3 f5 50.Rf4 Kf6 51.h4 Rb2 52.Nxa6 Ke5 53.Kg3 Nd4 
54.Rxd4 Kxd4 55.Nc7 Rxb4 56.Kf4 Rb2 57.g4 fxg4 58.fxg4 b4 59.Kg5 Rg2 60.
Ne6+ Kc4 61.Nf4 Rh2 0-1

[Event "26th EUR-ch"]
[Site "Katowice POL"]
[Date "2026.04.10"]
[Round "4.213"]
[White "Hlavacek, Pavel"]
[Black "Bourg, Nicolas"]
[Result "0-1"]
[WhiteElo "1982"]
[BlackElo "2249"]
[EventDate "2026.04.07"]
[PlyCount "66"]

1.d4 f5 2.c4 Nf6 3.g3 g6 4.Bg2 Bg7 5.Nh3 d6 6.d5 Nbd7 7.O-O Nc5 8.Nf4 e5 
9.dxe6 c6 10.Nc3 Qe7 11.Re1 Nfe4 12.Nxe4 fxe4 13.Qc2 g5 14.Nh5 Be5 15.Bxe4
Bxe6 16.Bf3 h6 17.Be3 O-O-O 18.Rab1 Qf7 19.g4 Bxc4 20.b4 Nd7 21.Bxa7 Bd5 
22.Bxd5 Qxd5 23.e4 Qe6 24.h3 Rdf8 25.Rb3 Rf7 26.a4 Rhf8 27.Kg2 Nc5 28.Bxc5
dxc5 29.Rbb1 Bd4 30.Re2 Rxf2+ 31.Rxf2 Rxf2+ 32.Qxf2 Bxf2 33.Kxf2 Qa2+ 0-1

[Event "26th EUR-ch"]
[Site "Katowice POL"]
[Date "2026.04.10"]
[Round "4.214"]
[White "Tyshniuk, Roman"]
[Black "Portelli, Matthew"]
[Result "0-1"]
[WhiteElo "1931"]
[BlackElo "2213"]
[EventDate "2026.04.07"]
[PlyCount "54"]

1.e4 e6 2.Nf3 d5 3.e5 c5 4.b4 cxb4 5.a3 Qa5 6.Bb2 Nc6 7.axb4 Qxb4 8.Ba3 
Qe4+ 9.Be2 Bxa3 10.Rxa3 Nxe5 11.O-O Nf6 12.d4 Nxf3+ 13.Rxf3 Bd7 14.Re1 Qh4
15.Rg3 Ne4 16.Rf3 O-O 17.Bd3 f5 18.Qe2 Ng5 19.Rg3 h6 20.c3 Rae8 21.Nd2 e5 
22.dxe5 f4 23.Rxg5 hxg5 24.g3 Qh3 25.gxf4 Rxf4 26.f3 g4 27.Rf1 gxf3 0-1

[Event "26th EUR-ch"]
[Site "Katowice POL"]
[Date "2026.04.10"]
[Round "4.215"]
[White "Damaso Tacoronte, Carolina"]
[Black "Pehar, Borna"]
[Result "0-1"]
[WhiteElo "1918"]
[BlackElo "2183"]
[EventDate "2026.04.07"]
[PlyCount "156"]

1.d4 Nf6 2.c4 e6 3.Nf3 d5 4.cxd5 exd5 5.Nc3 Bb4 6.Bg5 h6 7.Bxf6 Qxf6 8.Qb3
Qd6 9.e3 c6 10.Bd3 O-O 11.O-O Qe7 12.Rac1 Nd7 13.Ne2 Nf6 14.Ng3 g6 15.a3 
Bd6 16.Qc2 Bg4 17.Nd2 Rae8 18.Rfe1 Kg7 19.f3 Be6 20.Ngf1 Qd7 21.Nb3 Qd8 
22.Nc5 Bc8 23.b4 a6 24.Qf2 h5 25.a4 Re7 26.b5 axb5 27.axb5 Rfe8 28.bxc6 
bxc6 29.Qh4 Ra7 30.Bb1 Ra3 31.Kh1 Qb6 32.Qf2 Bxc5 33.Rxc5 Ba6 34.e4 dxe4 
35.fxe4 Ng4 36.Qd2 Ra1 37.Rcc1 Ra3 38.e5 Ra4 39.h3 Rxd4 40.Rxc6 Rxd2 41.
Rxb6 Bxf1 42.Rxf1 Nxe5 43.Rb7 Re6 44.Be4 h4 45.Rc7 Rf6 46.Re1 Rf4 47.Bb7 
Nd7 48.Ba6 Nf6 49.Bc4 Nh5 50.Ba6 Ng3+ 51.Kh2 Rff2 52.Bb7 Rfe2 53.Rg1 Rf2 
54.Rcc1 Ne2 55.Ra1 Nxg1 56.Kxg1 Ra2 57.Re1 Rf4 58.Bd5 Rd2 59.Bf3 Rfd4 60.
Ra1 f5 61.Ra6 Kh6 62.Rb6 Kg5 63.Kf1 Rd6 64.Rb4 R2d4 65.Rb8 Kf4 66.Re8 Kg3 
67.Rg8 Re6 68.Rc8 Rd2 69.Rc1 g5 70.Bb7 Rf2+ 71.Kg1 Rfe2 72.Kf1 g4 73.hxg4 
fxg4 74.Bd5 R6e3 75.Bb7 h3 76.gxh3 gxh3 77.Ba8 h2 78.Bb7 Rf2# 0-1

[Event "26th EUR-ch"]
[Site "Katowice POL"]
[Date "2026.04.10"]
[Round "4.216"]
[White "Bitbol-Delaveyne, Maelan"]
[Black "Smolin, Sergey"]
[Result "1-0"]
[WhiteElo "2181"]
[BlackElo "1962"]
[EventDate "2026.04.07"]
[PlyCount "89"]

1.e4 g6 2.d4 Bg7 3.Nf3 d6 4.Be2 a6 5.O-O Nc6 6.d5 Ne5 7.Nxe5 Bxe5 8.Nc3 c5
9.a4 Bg7 10.Re1 Nf6 11.Bf4 Nd7 12.Qd2 O-O 13.Bh6 Qa5 14.Bf1 Re8 15.Bxg7 
Kxg7 16.f4 f6 17.Kh1 Nb6 18.Re3 Bd7 19.Qf2 Qb4 20.b3 Rac8 21.a5 Na8 22.Bc4
b5 23.Nxb5 axb5 24.c3 bxc4 25.cxb4 cxb4 26.bxc4 Rxc4 27.e5 fxe5 28.fxe5 
Rf8 29.Rf3 Bf5 30.exd6 exd6 31.Re1 Kg8 32.h3 Rfc8 33.Rxf5 gxf5 34.Qxf5 
R4c7 35.Re4 Rf8 36.Qe6+ Rcf7 37.Rxb4 Nc7 38.Rg4+ Kh8 39.Qxd6 Ne8 40.Qe5+ 
Ng7 41.d6 h5 42.Rxg7 Rxg7 43.d7 h4 44.Qh5+ Kg8 45.Qe8 1-0

[Event "26th EUR-ch"]
[Site "Katowice POL"]
[Date "2026.04.10"]
[Round "4.217"]
[White "Latzke, Boris"]
[Black "Duda, Aleksandra"]
[Result "1-0"]
[WhiteElo "2173"]
[BlackElo "1878"]
[EventDate "2026.04.07"]
[PlyCount "73"]

1.d4 d5 2.c4 e6 3.cxd5 exd5 4.Nc3 Nf6 5.Bg5 c6 6.e3 Be7 7.Bd3 O-O 8.Nge2 
h6 9.Bh4 Nbd7 10.Qc2 Re8 11.O-O Ne4 12.Bxe7 Qxe7 13.Bxe4 dxe4 14.Ng3 Nf6 
15.h3 Bd7 16.f3 exf3 17.Rxf3 Rad8 18.e4 Be6 19.Qf2 Qb4 20.Rd1 Re7 21.Rxf6 
gxf6 22.Qxf6 Kh7 23.a3 Qd6 24.e5 Qc7 25.Nce4 Rg8 26.Qh4 Kg7 27.Nf6 Rh8 28.
Ngh5+ Kf8 29.Rd3 Bf5 30.Rg3 Qc8 31.Nf4 Rc7 32.Kh2 b5 33.d5 cxd5 34.N4xd5 
Bg6 35.Qb4+ Kg7 36.Nh5+ Kh7 37.Ndf6# 1-0

[Event "26th EUR-ch"]
[Site "Katowice POL"]
[Date "2026.04.10"]
[Round "4.218"]
[White "Vainbaum , Moisei"]
[Black "Pyrek, Marcin"]
[Result "1-0"]
[WhiteElo "2159"]
[BlackElo "1855"]
[EventDate "2026.04.07"]
[PlyCount "99"]

1.e4 e6 2.d4 d5 3.e5 c5 4.c3 Nc6 5.Nf3 Qb6 6.Bd3 cxd4 7.O-O Bd7 8.Nbd2 
Nge7 9.Nb3 dxc3 10.bxc3 Qc7 11.Re1 Rc8 12.Rb1 Ng6 13.Qe2 Be7 14.Nbd4 a6 
15.g3 O-O 16.Bd2 Rfe8 17.h4 Nf8 18.h5 f6 19.h6 Nxe5 20.Nxe5 fxe5 21.hxg7 
Ng6 22.Qh5 e4 23.Be2 Bf6 24.Kg2 Re7 25.Bg4 Bxg7 26.Bg5 Ree8 27.Rh1 Nf8 28.
Bh6 Re7 29.Bf4 Qxc3 30.Ne2 Qf6 31.Bg5 Qf7 32.Bxe7 Qxe7 33.Rxb7 d4 34.Nf4 
e3 35.Bf3 Rc2 36.Rf1 Qd6 37.Qg5 e2 38.Nxe2 Rxe2 39.Rxd7 Rxf2+ 40.Rxf2 Qxd7
41.Be4 e5 42.Rb2 Qe6 43.Qd8 Bf6 44.Qa8 Qd6 45.Rc2 Qa3 46.Qd5+ Kg7 47.Rc7+ 
Kh6 48.Qf7 Kg5 49.Qg8+ Ng6 50.Rxh7 1-0

[Event "26th EUR-ch"]
[Site "Katowice POL"]
[Date "2026.04.10"]
[Round "4.219"]
[White "Tashkinova, Sofiia"]
[Black "Marcos Herrero, Francisco"]
[Result "0-1"]
[WhiteElo "2105"]
[BlackElo "1854"]
[EventDate "2026.04.07"]
[PlyCount "100"]

1.e4 c5 2.Nf3 g6 3.c3 d5 4.e5 a6 5.h3 Bg7 6.d4 Nc6 7.Bd3 f6 8.O-O fxe5 9.
dxe5 Nxe5 10.Nxe5 Bxe5 11.f4 Bg7 12.f5 Qb6 13.Bc2 Bd7 14.Qxd5 Nf6 15.Qf3 
Bc6 16.Qe2 O-O-O 17.Na3 Nd5 18.Be4 Bxc3 19.bxc3 Nxc3 20.Qb2 Qxb2 21.Bxb2 
Nxe4 22.Bxh8 Rxh8 23.fxg6 hxg6 24.Rf7 Kd7 25.Rg7 g5 26.Rf1 Bd5 27.Rd1 Ke6 
28.Rg6+ Ke5 29.Rb6 e6 30.Nc2 Nc3 31.Re1+ Ne4 32.a4 Bc6 33.a5 Rd8 34.Ne3 
Rd4 35.Rbb1 Rd3 36.Rbd1 Kd4 37.Ng4 c4 38.Nf2 Nxf2 39.Kxf2 e5 40.g3 e4 41.
Ke2 c3 42.Rf1 Ba4 43.Ra1 Rd2+ 44.Ke1 Bb5 45.Rf2 e3 46.Rf8 Re2+ 47.Kd1 c2+ 
48.Kc1 Re1+ 49.Kb2 Rxa1 50.Rd8+ Ke4 0-1

[Event "26th EUR-ch"]
[Site "Katowice POL"]
[Date "2026.04.10"]
[Round "4.220"]
[White "Alpaslan, Utku"]
[Black "Wojtowicz, Marek"]
[Result "1-0"]
[WhiteElo "2104"]
[BlackElo "1836"]
[EventDate "2026.04.07"]
[PlyCount "81"]

1.e4 c6 2.d4 d5 3.e5 Bf5 4.Nc3 e6 5.g4 Bg6 6.Nge2 c5 7.h4 h5 8.Nf4 Bh7 9.
Nxh5 cxd4 10.Nb5 Nc6 11.Nxd4 Nxe5 12.Bb5+ Nd7 13.Bg5 Nf6 14.Qe2 Qa5+ 15.
Kf1 O-O-O 16.Bxd7+ Rxd7 17.Nxf6 gxf6 18.Bxf6 Rg8 19.Rh3 Kb8 20.Be5+ Ka8 
21.Rb3 Be7 22.g5 Rc8 23.Rg3 Qd8 24.c3 Bc5 25.b4 Bxd4 26.Bxd4 Qc7 27.Qe3 b6
28.a4 Bg6 29.b5 Kb7 30.Kg2 Be4+ 31.f3 e5 32.fxe4 exd4 33.Qxd4 Qf4 34.exd5 
Qxd4 35.cxd4 Rxd5 36.Rf1 Rc7 37.Rf4 a6 38.Rgf3 axb5 39.axb5 f5 40.gxf6 Rf7
41.Re3 1-0